MARC details
| 000 -CABECERA |
| campo de control de longitud fija |
01175nam a2200217 a 4500 |
| 003 - IDENTIFICADOR DEL NÚMERO DE CONTROL |
| campo de control |
DO-SdBNP |
| 005 - FECHA Y HORA DE LA ÚLTIMA TRANSACCIÓN |
| campo de control |
20260305073951.0 |
| 007 - CAMPO FIJO DE DESCRIPCIÓN FÍSICA--INFORMACIÓN GENERAL |
| campo de control de longitud fija |
ta |
| 008 - DATOS DE LONGITUD FIJA--INFORMACIÓN GENERAL |
| campo de control de longitud fija |
110401s1977 dr ab 000 0 spa d |
| 040 ## - FUENTE DE LA CATALOGACIÓN |
| Centro catalogador/agencia de origen |
DO-SdBNP |
| Lengua de catalogación |
spa |
| Centro/agencia transcriptor |
BNPHU |
| 082 ## - NÚMERO DE LA CLASIFICACIÓN DECIMAL DEWEY |
| Número de clasificación |
xxxx |
| Número de documento/Ítem |
M938h |
| 100 1# - ENTRADA PRINCIPAL--NOMBRE DE PERSONA |
| Nombre de persona |
Moya Pons, Frank, |
| Fechas asociadas al nombre |
1944- |
| 9 (RLIN) |
2095 |
| 245 10 - MENCIÓN DE TÍTULO |
| Título |
Historia dominicana para niños : |
| Resto del título |
cuarto curso / |
| Mención de responsabilidad, etc. |
Frank Moya Pons. |
| 246 1# - FORMA VARIANTE DE TÍTULO |
| Título propio/Titulo breve |
Historia dominicana (1492-1844) |
| 260 ## - PUBLICACIÓN, DISTRIBUCIÓN, ETC. |
| Lugar de publicación, distribución, etc. |
Santo Domingo : |
| Nombre del editor, distribuidor, etc. |
Gráficas Manuel Pareja, |
| Fecha de publicación, distribución, etc. |
1977. |
| 300 ## - DESCRIPCIÓN FÍSICA |
| Extensión |
84 p. : |
| Otras características físicas |
il., map. ; |
| Dimensiones |
24 cm. |
| 505 ## - NOTA DE CONTENIDO CON FORMATO |
| Título |
a los padres y maestros -- |
| -- |
Los indios taínos -- |
| -- |
Los españoles y el descubrimiento de América -- |
| -- |
La conquista -- |
| -- |
El azúcar, los negros y los esclavos -- |
| -- |
La ganadería y el contrabando -- |
| -- |
Las devastaciones de 1605 y 1606 -- |
| -- |
Corsarios, bucaneros y filibusteros -- |
| -- |
La isla se divide en dos colonias -- |
| -- |
La vida colonial dominicana -- |
| -- |
La revolución Haitiana -- |
| -- |
Las primeras invasiones haitianas -- |
| -- |
La reconquista -- |
| -- |
La España Boba y la Independencia efímera -- |
| -- |
La dominación Haitiana -- |
| -- |
La independencia -- |
| -- |
Vocabulario / |
| 590 ## - NOTA LOCAL (RLIN) |
| Nota local |
Inventariado, 2022/ YL |
| 910 ## - DATOS DE OPCIÓN DEL USUARIO (OCLC) |
| Datos de opción del usuario |
YLockwardli |
| 942 ## - ELEMENTOS DE PUNTO DE ACCESO ADICIONAL (KOHA) |
| Fuente del sistema de clasificación o colocación |
Dewey Decimal Classification |
| Tipo de ítem Koha |
Libro |